| 000 | 00562nam a2200193Ia 4500 | ||
|---|---|---|---|
| 005 | 20250508153253.0 | ||
| 008 | 008 250505s9999 xx 000 0 eng d | ||
| 037 | _aTextual | ||
| 040 |
_aFEDL _beng _cFEDL |
||
| 041 |
_aeng _2eng |
||
| 084 |
_a372, UPR _qFEDL |
||
| 100 |
_aUpraity Trailokya Nath _9763580 |
||
| 245 | 0 | _aFinancing elementary education in Nepal | |
| 260 |
_aEugene _bThe American-Nepal Education Fondation _c1962 |
||
| 300 | _a329p. | ||
| 650 | _aElementary Education | ||
| 942 |
_cTEXL _h372, UPR |
||
| 999 |
_c1341644 _d1341644 |
||